000 00698cam a22002293a 4500
001 7071
003 PGUSA
005 20140828083140.0
008 041201s2004||||xxu|||||s|||||000 1 eng d
040 _aPGUSA
_beng
042 _adc
050 4 _aPZ
100 1 _aHenty, G. A.
_q(George Alfred),
_d1832-1902
245 1 0 _aIn Times of Peril :
_bA Tale of India
_h[electronic resource] /
_cG. A. Henty
260 _bProject Gutenberg,
_c2004
506 _aPublic domain in the USA.
516 _aElectronic text
653 _aIndia -- History -- Sepoy Rebellion, 1857-1858 -- Juvenile fiction
830 0 _aProject Gutenberg
_v7071
856 4 0 _uhttp://www.gutenberg.org/ebooks/7071
942 _cEB
999 _c236391
_d236391